Dejiny psychológie historický úvod do štúdia psychológie

Salvato in:
Dettagli Bibliografici
Autore principale: Koščo, Jozef
Natura: Libro
Lingua:slovacco
Pubblicazione: Bratislava SAV 1964
Tags: Aggiungi Tag
Nessun Tag, puoi essere il primo ad aggiungerne!!

MARC

LEADER 00000nam a2200000 4500
001 c123108
005 20221207103232.9
041 0 |a slo 
044 |a SK 
245 1 0 |a Dejiny psychológie  |b historický úvod do štúdia psychológie  |c Jozef Koščo 
264 1 |a Bratislava  |b SAV  |c 1964 
300 |a 587 s. 
100 1 |a Koščo, Jozef